|
|
|
|
| LEADER |
00000nam a22000007a 4500 |
| 008 |
210818b ||||| |||| 00| 0 eng d |
| 020 |
|
|
|a 9781138338180
|
| 100 |
|
|
|a THACKER, Mike
|
| 245 |
|
|
|a Essential French grammar
|c Mike Thacker
|g xxiv,467;ill
|
| 250 |
|
|
|b 2nd
|
| 260 |
|
|
|b Routledge
|c 2019
|h London
|i 696051
|i 696052
|i 696053
|l PC2112.T32
|
| 942 |
|
|
|a lcc
|c BK
|e JOHNSON
|f 18/08/21
|
| 952 |
|
|
|0 0
|1 0
|2 lcc
|4 0
|6 PC2112 T32
|7 0
|9 3091
|a ART
|b HOL
|c LP
|d 2021-08-18
|l 0
|o PC2112.T32
|p 2021-66789
|r 2021-08-18 00:00:00
|w 2021-08-18
|y BK
|
| 952 |
|
|
|0 0
|1 0
|2 lcc
|4 0
|6 PC2112 T32
|7 0
|9 3092
|a HOL
|b HOL
|c LP
|d 2021-08-18
|l 0
|o PC2112.T32
|p 2021-66790
|r 2021-08-18 00:00:00
|w 2021-08-18
|y BK
|
| 952 |
|
|
|0 0
|1 0
|2 lcc
|4 0
|6 PC2112 T32
|7 0
|9 3093
|a HOL
|b HOL
|c LP
|d 2021-08-18
|l 0
|o PC2112.T32
|p 2021-66791
|r 2021-08-18 00:00:00
|w 2021-08-18
|y BK
|
| 999 |
|
|
|c 1568
|d 1568
|